The international Bible commentary : (Record no. 6806)

MARC details
000 -LEADER
fixed length control field 01016pam a2200265 a 4500
001 - CONTROL NUMBER
control field 2127192
003 - CONTROL NUMBER IDENTIFIER
control field GBCCL
005 - DATE AND TIME OF LATEST TRANSACTION
control field 20241126110612.0
008 - FIXED-LENGTH DATA ELEMENTS--GENERAL INFORMATION
fixed length control field 971020s1998 mnub b 001 0 eng
010 ## -
-- 97044829
020 ## - INTERNATIONAL STANDARD BOOK NUMBER
International Standard Book Number 0814624545 (alk. paper)
040 ## - CATALOGING SOURCE
Original cataloging agency DLC
Transcribing agency DLC
Modifying agency DLC
050 00 -
-- BS511.2
-- .I57 1998
082 00 - DEWEY DECIMAL CLASSIFICATION NUMBER
Classification number 220.7
Edition information 21
Item number INT
245 04 - TITLE STATEMENT
Title The international Bible commentary :
Remainder of title a Catholic and ecumenical commentary for the twenty-first century /
Statement of responsibility, etc. editor William R. Farmer ... [et al.].
260 ## - PUBLICATION, DISTRIBUTION, ETC.
Place of publication, distribution, etc. Collegeville, Minn. :
Name of publisher, distributor, etc. Liturgical Press,
Date of publication, distribution, etc. c1998.
300 ## - PHYSICAL DESCRIPTION
Extent lii, 1918 p. :
Other physical details maps (some col.) ;
Dimensions 27 cm.
504 ## - BIBLIOGRAPHY, ETC. NOTE
Bibliography, etc. note Includes bibliographical references and index.
610 20 - SUBJECT ADDED ENTRY--CORPORATE NAME
Corporate name or jurisdiction name as entry element Catholic Church
General subdivision Doctrines.
9 (RLIN) 2007
630 00 - SUBJECT ADDED ENTRY--UNIFORM TITLE
Uniform title Bible
General subdivision Commentaries.
9 (RLIN) 1243
700 1# - ADDED ENTRY--PERSONAL NAME
Personal name Farmer, William Reuben.
9 (RLIN) 12199
906 ## - LOCAL DATA ELEMENT F, LDF (RLIN)
a 7
b cbc
c orignew
d 1
e ocip
f 19
g y-gencatlg
942 ## - ADDED ENTRY ELEMENTS (KOHA)
Source of classification or shelving scheme Dewey Decimal Classification
Koha item type Reference Books
Holdings
Withdrawn status Lost status Source of classification or shelving scheme Damaged status Not for loan Home library Current Library Shelving location Date acquired Total checkouts Full call number Barcode Date last seen Copy number Price effective from Koha item type
    Dewey Decimal Classification     GRACE BIBLE COLLEGE GRACE BIBLE COLLEGE Commentary 2018-06-28   220.7 INT 001120 2025-05-01 c.1 2018-06-28 Reference Books
© Grace Bible College Library 2025